| 000 | 00488nam a22001697a 4500 | ||
|---|---|---|---|
| 005 | 20230821103951.0 | ||
| 008 | 221219b |||||||| |||| 00| 0 eng d | ||
| 020 | _a978-9389034-82-0 | ||
| 041 | _aeng | ||
| 082 | _a612.7 LEV-H | ||
| 100 |
_aAVERS DALE AND OTHERS _98084 |
||
| 245 | _aDANIELS AND WORTHING HAM'S MUSCLE TESTING :TECHNIQUES OF MANUAL EXAMINATION AND PERFORMANCE TESTING | ||
| 260 |
_aLONDAN _bELSEVIER _c2019 |
||
| 300 | _a400;P. | ||
| 650 |
_aBPT _98085 |
||
| 942 | _cBK | ||
| 999 |
_c8109 _d8107 |
||